| 000 | 01585cam a2200325 a 4500 | ||
|---|---|---|---|
| 999 |
_c128230 _d128230 |
||
| 001 | 1581148 | ||
| 003 | ARRUPE | ||
| 005 | 20180920162014.0 | ||
| 008 | 931206s1994 inu b s001 0 eng | ||
| 010 | _a 93046224 | ||
| 020 |
_a1557530491 (cloth : alk. paper) : _c$39.95 |
||
| 020 |
_a1557530505 (pbk. : alk. paper)) : _c$15.95 |
||
| 040 |
_aDLC _cDLC _dDLC |
||
| 041 | 0 |
_aengger _hger |
|
| 050 | 0 | 0 |
_aB3279.H94 _bK594 1994 |
| 082 | 0 | 0 |
_a193 _220 |
| 100 | 1 |
_aKockelmans, Joseph J., _d1923- _919217 |
|
| 245 | 1 | 0 |
_aEdmund Husserl's phenomenology / _cJoseph J. Kockelmans. |
| 260 |
_aWest Lafayette, Ind. : _bPurdue University Press, _cc1994. |
||
| 300 |
_axvi, 363 p. ; _c23 cm. |
||
| 440 | 0 |
_aPurdue University series in the history of philosophy _937206 |
|
| 500 | _aIncludes the original and translation of Der Encyclopedia Britannica Artikel from Edmund Husserl's Phänomenologische Psychologie, originally published, in translation, in the Encyclopaedia Britannica in 1928. | ||
| 504 | _aIncludes bibliographical references (p. 349-355) and index. | ||
| 600 | 1 | 0 |
_aHusserl, Edmund, _d1859-1938. _tEncyclopedia Britannica Artikel. _942466 |
| 650 | 0 |
_aPhenomenology. _942467 |
|
| 700 | 1 | 2 |
_aHusserl, Edmund, _d1859-1938. _tEncyclopedia Britannica Artikel. _lEnglish & German. _f1994. _942468 |
| 906 |
_a7 _bcbc _corignew _d1 _eocip _f19 _gy-gencatlg |
||
| 942 |
_2lcc _cMONOGRAPH |
||